| 000 | 00733nam a2200301Ia 4500 | ||
|---|---|---|---|
| 005 | 20250425161857.0 | ||
| 008 | 250425s9999 xx 000 0 und d | ||
| 020 | _a968130621X | ||
| 041 | _aspa | ||
| 043 | _amx | ||
| 082 | _a658 | ||
| 100 | _aMCCONKEY, DALE D. | ||
| 245 | 0 | _aADMINISTRACION POR RESULTADOS | |
| 250 | _a1A ED. | ||
| 260 |
_aMéxico _bEDITORIAL DIANA _c1981 |
||
| 260 | _aS.L. | ||
| 300 | _a382 | ||
| 500 | _aTítulo Traducido: HOW TO MANAGE BY RESULTS | ||
| 650 | _aADMINISTRACION | ||
| 650 | _aANALISIS (GENERAL) | ||
| 650 | _aGERENTES | ||
| 650 | _aPLANEACION | ||
| 650 | _aRECURSOS | ||
| 700 |
_aR. QUIJANO R. _etraductor |
||
| 710 | _aEDITORIAL DIANA | ||
| 942 | _c01 | ||
| 010 | _a33366 | ||
| 999 |
_c217967 _d217967 |
||